Industry unbound : the inside story of privacy, data, and corporate power /

In Industry Unbound, Ari Ezra Waldman exposes precisely how the tech industry conducts its ongoing crusade to undermine our privacy. With research based on interviews with scores of tech employees and internal documents outlining corporate strategies, Waldman reveals that companies don't just l...

Full description

Bibliographic Details
Main Author: Waldman, Ari Ezra, 1980- (Author)
Format: Book
Language:English
Published: Cambridge ; New York : Cambridge University Press, [2021].
Subjects:

MARC

Tag First Indicator Second Indicator Subfields
LEADER 00000cam a2200000 i 4500
001 in00004636739
008 210602t20212021enk b 001 0 eng
005 20230621152406.7
010 |a  2021026794 
035 |a (OCoLC)on1242466133 
040 |a DLC  |e rda  |c DLC  |d TXA 
020 |a 9781108492423  |q hardcover 
020 |a 1108492428  |q hardcover 
020 |z 9781108591386  |q electronic publication 
020 |z 9781108659000  |q electronic book 
035 |a (OCoLC)1242466133 
043 |a n-us--- 
050 0 0 |a KF1263.C65  |b W35 2021 
082 0 0 |a 342.7308/58  |2 23 
100 1 |a Waldman, Ari Ezra,  |d 1980-  |e author. 
245 1 0 |a Industry unbound :  |b the inside story of privacy, data, and corporate power /  |c Ari Ezra Waldman, Northeastern University. 
264 1 |a Cambridge ;  |a New York :  |b Cambridge University Press,  |c [2021]. 
264 4 |c ©2021. 
300 |a xv, 364 pages ;  |c 23 cm. 
336 |a text  |b txt  |2 rdacontent 
337 |a unmediated  |b n  |2 rdamedia 
338 |a volume  |b nc  |2 rdacarrier 
504 |a Includes bibliographical references and index. 
505 0 |a Introduction -- A day at the office -- Privacy's discourses -- Privacy compliance -- Designing data-extractive technologies -- Power, practice, and performance -- Fighting back -- Conclusion. 
520 |a In Industry Unbound, Ari Ezra Waldman exposes precisely how the tech industry conducts its ongoing crusade to undermine our privacy. With research based on interviews with scores of tech employees and internal documents outlining corporate strategies, Waldman reveals that companies don't just lobby against privacy law. They also manipulate how we think about privacy, how their employees approach their work and how we use their data-extractive products. In contrast to those who claim that privacy law is getting stronger, Waldman shows why recent shifts in privacy law are precisely the kinds of changes that corporations want and how even those who think of themselves as privacy advocates often unwittingly facilitate corporate malfeasance. This powerful account should be read by anyone who wants to understand why privacy laws are not working and how corporations trap us into giving up our personal information. 
650 0 |a Data protection  |x Law and legislation  |z United States. 
650 0 |a Business ethics  |z United States. 
948 |a dmitchel 6/19/23 10.20.30 
994 |a Z0  |b TXA 
999 f f |s 2a37a297-6a71-4302-8914-a2e8833d07d6  |i a8211a3f-125f-4463-8b76-333a6e94e9e8  |t 0 
952 f f |p normal  |a Texas A&M University  |b College Station  |c Sterling C. Evans Library  |d Evans: Library Stacks  |t 0  |e KF1263.C54 W35 2021  |h Library of Congress classification  |i unmediated -- volume  |m A14851858754 
998 f f |a KF1263.C54 W35 2021  |t 0  |l Evans: Library Stacks